000 00489nam a2200181Ia 4500
005 20250326125012.0
008 250326s9999 xx 000 0 und d
037 _aTextbook
040 _aFMSL
_beng
_cFMSL
041 _aeng
_2eng
084 _aX:8K L2;11
_qFMSL
100 _aHorngren C T
245 0 _aCost accounting
_cHorngren C T
260 _aNew Jersey
_bNew Jersey, Prentice-Hall
_c1972
300 _a801p
942 _cTB
_hX:8K L2;11
999 _c1276119
_d1276119